000
00290nam a22001097a 4500
082
_a
823
_b
BLY/F
100
_a
BLYTON, ENID
245
_a
FAMOUS FIVE-5 ON A HIKE TOGETHER
246
_a
FAMOUS FIVE-5 ON A HIKE TOGETHER
_b
FAMOUS FIVE-5 ON A HIKE TOGETHER
650
_a
ENGLISH STORY
942
_c
BK
999
_c
8807
_d
8807